Los pintores cubistas: meditaciones estéticas
Сохранить в:
| Главный автор: | |
|---|---|
| Формат: | |
| Язык: | испанский |
| Опубликовано: |
Buenos Aires
Nueva Visión
1957
|
| Редактирование: | 2a. ed |
| Серии: | Colección Arte y Estética
|
| Предметы: | |
| Метки: |
Добавить метку
Нет меток, Требуется 1-ая метка записи!
|
MARC
| LEADER | 00000nam a2200000 a 4500 | ||
|---|---|---|---|
| 001 | UCV9907 | ||
| 003 | CL-VaPUC | ||
| 008 | 930723e19570000AG |||||||||||||||||spa|d | ||
| 082 | 0 | 4 | |a 701.17 |b APO |2 21 |
| 100 | 0 | |a Apollinaire, Guillaume de |e author |9 266798 | |
| 245 | 1 | 4 | |a Los pintores cubistas: meditaciones estéticas |
| 250 | |a 2a. ed | ||
| 300 | |a 94 p | ||
| 942 | |c BK | ||
| 945 | |d 19930723 00:00:00 | ||
| 260 | |a Buenos Aires |b Nueva Visión |c 1957 | ||
| 650 | 0 | |a Estética |9 264950 | |
| 583 | |a last modification |c 19930723 00:00:00 |k Rodrigo Vera | ||
| 490 | 0 | |a Colección Arte y Estética | |
| 999 | |c 215178 |d 215176 | ||
| 952 | |0 0 |1 0 |4 0 |6 701_170000000000000_APO_1957 |7 0 |8 A |9 199201 |a BIBARQ |b BIBARQ |d 2019-11-14 |i 2665247 |o 701.17 APO 1957 |p 2665247 |r 2025-01-20 |w 2019-11-14 |y BK |k ARQ | ||